000 00450nam a22001817a 4500
003 koha_MIRAKIL
005 20231213095710.0
008 231213b |||||||| |||| 00| 0 ||| d
020 _b978-0-19-832983-1
040 _aTR-IsEVY
_btur
_cTR-IsEVY
082 _a428.64 MOR/T
100 _aMorpurgo, Michael.
245 4 _aThe last wolf.
260 _bOxford University Press,
_c2010
300 _a91
650 _aİngiliz Dili.
942 _2ddc
_cBK
999 _c7952
_d7952